000 00715nam a22002057a 4500
999 _c9295
_d9295
003 AR-CdUCM
008 190327b ||||| |||| 00| 0 spa d
040 _aMUNICIPALIDAD PROVINCIAL DEL CUSCO
_cBIBLIOTECA MUNICIPAL DEL CUSCO
082 _a987 /
_bC29
100 _aCastañon, Jose Manuel
_9727
245 _aEncuentro con Venezuela /
260 _aCaracas :
_bCasuz,
_c1970.
300 _a345 páginas ;
_c23 cm.
505 _aContenido : Leyendo a Castañón -- En la ciudad de Coquivacoa -- En el Táchira del Catatumbo -- Impresiones valencianas -- En la región de Manaure ...
650 _aHistoria
_9136
650 _aCiudades
_92995
650 _aVenezuela
_92312
942 _2ddc
_cLIBROS
945 _arah